Návrh zariadenia na využívanie sivej a zrážkovej vody

Salvato in:
Dettagli Bibliografici
Autore principale: Tomíková, Erika (Autore)
Altri autori: Jánošková, Taťjana (Relatore della tesi)
Natura: Manoscritto Libro
Lingua:slovacco
Pubblicazione: 2021
Soggetti:
Accesso online:http://is.stuba.sk/zp/portal_zp.pl?podrobnosti=158619
https://opac.crzp.sk/?fn=detailBiblioForm&sid=52328540584FDC4D938E29AB80F2
Tags: Aggiungi Tag
Nessun Tag, puoi essere il primo ad aggiungerne!!

MARC

LEADER 00000ntm a22000003a 4500
001 stuzp83599
003 SK-STU
005 20230516090454.3
007 ta
008 150427s2015----xo-----f-mn---000-0-slo-d
040 |a STU  |b slo 
041 0 |a slo 
100 1 |a Tomíková, Erika  |u 010290  |4 aut  |U SvF Stavebná fakulta  |T SvF Katedra technických zariadení budov  |X 81181  |U V290  |Y 31  |7 81181 
242 0 1 |a Design of a System for Reusing of Grey water and Rainwater  |y eng 
245 1 0 |a Návrh zariadenia na využívanie sivej a zrážkovej vody 
260 |c 2021 
650 4 |a sivá voda  |2 slo 
650 4 |a zrážková voda  |2 slo 
650 4 |a úžitková voda  |2 slo 
650 4 |a rainwater  |2 eng 
650 4 |a utility water  |2 eng 
650 4 |a graywater  |2 eng 
700 1 |a Jánošková, Taťjana  |u 010290  |k Z1  |4 ths  |U SvF Stavebná fakulta  |T SvF Katedra technických zariadení budov  |X 2745  |U V290  |Y 31  |7 A000002745 
856 4 |u http://is.stuba.sk/zp/portal_zp.pl?podrobnosti=158619 
856 4 |u https://opac.crzp.sk/?fn=detailBiblioForm&sid=52328540584FDC4D938E29AB80F2